Wind tunnel testing of high-rise buildings : (رقم التسجيلة. 34904)
[ عرض عادي ]
| 000 -الفاتح | |
|---|---|
| حقل البيانات ثابتة الطول | 02795nam a22003377a 4500 |
| 003 - محدد رقم الضبط | |
| رقم الضبط | OSt |
| 005 - وقت وتاريخ اخر تعامل مع التسجيلة | |
| رقم الضبط | 20150408114216.0 |
| 008 - عناصر البيانات ثابتة الطول - معلومات عامة | |
| حقل البيانات ثابتة الطول | 130603s2013 nyua g b 001 0 eng |
| 020 ## - الرقم الدولى المعيارى للكتب | |
| الرقم الدولى المعيارى للكتاب | 9780415714594 (paperback : alkaline paper) |
| 020 ## - الرقم الدولى المعيارى للكتب | |
| الرقم الدولى المعيارى للكتاب | 0415714591 (paperback : alkaline paper) |
| 020 ## - الرقم الدولى المعيارى للكتب | |
| الرقم الدولى المعيارى للكتاب الملغى /الخاطئ | 9781315879529 (ebook) |
| 040 ## - مصدر الفهرسة | |
| وكالة الفهرسة الأصلية | Ma-Un |
| 082 00 - رقم تصنيف ديوى العشرى | |
| رقم الطبعة | 22 |
| رقم التصنيف | 690.21 |
| رقم المادة | IPW |
| 100 1# - المدخل الرئيسى - إسم شخصى | |
| الإسم الشخصى | Irwin, Peter |
| 9 (RLIN) | 44710 |
| 245 10 - بيان العنوان | |
| العنوان | Wind tunnel testing of high-rise buildings : |
| بقية العنوان | an output of the CTBUH Wind Engineering Working Group / |
| بيان المسئوليه,etc | Peter Irwin, Roy Denoon & David Scott. |
| 260 ## - PUBLICATION, DISTRIBUTION, ETC. (IMPRINT) | |
| مكان الناشر او الموزع | New York : |
| اسم الناشر او الموزع | Routledge, |
| تاريخ النشر أو التوزيع | 2013. |
| 300 ## - الوصف المادى | |
| التعداد | 47 p. : |
| تفاصيل ماديه اخرى للوعاء | ill. ; |
| أبعاد الوعاء | 28 cm. |
| 500 ## - تبصرة عامة | |
| تبصرة عامة | "Council on Tall Buildings and Urban habitat." |
| 500 ## - تبصرة عامة | |
| تبصرة عامة | "Simultaneously published in the USA and Canada"--Title page verso. |
| 504 ## - تبصرة ببليوجرافية | |
| تبصرة ببليوجرافية,الخ | Includes bibliographical references and index. |
| 505 0# - تبصرة محتويات-الفهرس | |
| تبصرة المحتويات المصاغة | 1. Introduction -- Basis of Design -- Wind Climate -- 2. Nature of Wind Effects -- Planetary Boundary Layer and Wind Turbulence -- Mean and Fluctuating Loads -- Along-wind, Crosswind, and Torsional Loading -- Background and Resonant Loads -- Serviceability Accelerations -- Vortex Excitation -- Aerodynamic Damping and Galloping -- Cladding Loads -- Reynolds Number Effects -- 3. Wind Tunnel Testing Methods -- Simulation of the Natural Wind at Small Scale -- Test Methods to Determine Wind Loads on the Structural System -- Aeroelastic Model Testing -- Test Methods to Determine Cladding Loads -- Other Types of Wind Related Studies -- 4. Prediction of Load Effects for Strength Design and Serviceability -- Structural Properties of the Building -- Load Effects -- Non-Directional Method -- Sector Velocity Method -- Extreme Load Effect Method -- Upcrossing Methods -- 5. Format for Comparing Wind Tunnel Results -- Types of Comparison -- Wind Climate Models, Velocity Profiles, and Turbulence -- Aerodynamic Data -- Predicted Building Response Variations -- Responses Versus Return Period -- Quality Assurance -- 6. Use of Wind Tunnel Results -- CTBUH Height Criteria -- 100 Tallest Buildings in the World -- CTBUH Organization and Members. |
| 650 ## - المدخل الاضافى بالموضوع-مصطلح موضوعى | |
| مصطلح موضوعي أو اسم جغرافي كعنصر مدخل | Tall buildings |
| التقسيم الفرعي العام | Aerodynamics. |
| 9 (RLIN) | 44711 |
| 650 ## - المدخل الاضافى بالموضوع-مصطلح موضوعى | |
| مصطلح موضوعي أو اسم جغرافي كعنصر مدخل | Tall buildings |
| التقسيم الفرعي العام | Design and construction. |
| 9 (RLIN) | 44712 |
| 650 ## - المدخل الاضافى بالموضوع-مصطلح موضوعى | |
| مصطلح موضوعي أو اسم جغرافي كعنصر مدخل | Wind tunnel testing. |
| 9 (RLIN) | 44713 |
| 650 ## - المدخل الاضافى بالموضوع-مصطلح موضوعى | |
| مصطلح موضوعي أو اسم جغرافي كعنصر مدخل | Structural analysis (Engineering) |
| 9 (RLIN) | 36530 |
| 700 1# - المدخل الاضافى - اسم شخصى | |
| الإسم الشخصى | Denoon, Roy. |
| 9 (RLIN) | 44714 |
| 700 1# - المدخل الاضافى - اسم شخصى | |
| الإسم الشخصى | Scott, David |
| العنوان والكلمات الأخرى المصاحبة للاسم | (Structural engineer) |
| 9 (RLIN) | 44715 |
| 710 2# - المدخل الاضافى - اسم هيئه | |
| اسم الهيئة أو اسم السلطة كمدخل | Council on Tall Buildings and Urban Habitat. |
| وحده ملحقة | Wind Engineering Working Group. |
| 9 (RLIN) | 44716 |
| 942 ## - عناصر المدخل الإضافي( كوها) | |
| مصدر التصنيف او مخطط الترفيف | Dewey Decimal Classification |
| Koha [default] item type | كتاب |
| حالة الفقد | نموذج السعر الفعال | حالة تلف | ليس للاعارة | رقم الطلب | رقم النسخة | تاريخ الاكتساب | مصدر التزويد | الموقع الحالي | الباركود | الفرع الرئيسي | Date last seen | نوع المادة فى نظام كوها | مصدر التصنيف او خطة الترفيف | Total Checkouts |
|---|---|---|---|---|---|---|---|---|---|---|---|---|---|---|
| 2014-05-11 | Not For Loan | 690.21 IPW | 1 | 2014-05-11 | دار العرب | المكتبة المركزية بالمجمعة (CL) | 00210248 | المكتبة المركزية بالمجمعة (CL) | 2014-05-11 | كتاب | Dewey Decimal Classification | |||
| 2014-05-11 | Not For Loan | 690.21 IPW | 1 | 2014-05-11 | دار العرب | مكتبة مجمع الكليات بالزلفى - طلاب (SZM) | 00210249 | مكتبة مجمع الكليات بالزلفى - طلاب (SZM) | 2014-05-11 | كتاب | Dewey Decimal Classification | |||
| 2014-05-11 | 690.21 IPW | 2 | 2014-05-11 | دار العرب | مكتبة مجمع الكليات بالزلفى - طلاب (SZM) | 00210250 | مكتبة مجمع الكليات بالزلفى - طلاب (SZM) | 2014-05-11 | كتاب | Dewey Decimal Classification |
